LOTR: Rulers of Middle-Earth: Kings of Durin's Folk - Statistics

General Stats
  • This quiz has been taken 125 times
  • The average score is 19 of 26
Answer Stats
Answer % Correct
9 Thorin I He abandoned the new kingdom and reestablished the throne elsewhere.
99%
18 Thorin III Stonehelm His realm was under the crown and protection of the new King of Gondor and Arnor.
99%
16 Thorin II Oakenshield He ruled as King for many years, but like his father before him, he was determined to return to his ancient home. Accompanied by Gandalf and Bilbo Baggins, he led a troop of companions into the east, and against all hope recovered an old kingdom from Smaug. He was slain in the Battle of Five Armies.
99%
2 Durin II
96%
3 Durin III King at the time of the forging of the Rings of Power and a great friend of Celebrimbor the Lord of Eregion. He received one of the Seven Rings.
96%
1 Durin I the Deathless One of the seven Fathers of the Dwarves and founder of the Longbeards
96%
4 Durin IV
96%
5 Durin V
96%
6 Durin VI He was King when the Balrog was awakened.
96%
19 Durin VII He led his Folk back to the first kingdom at some unknown time, where they remained "until the world grew old and the Dwarves failed and the days of his race were ended".
96%
13 Dáin I Slain by a cold-drake before the entrance to his halls.
94%
17 Dáin II Ironfoot Slayer of Azog in the Battle of Azanulbizar. He was slain in the Battle of Dale during the War of the Ring.
94%
8 Thráin I He led a great part of his people away from his father's realm into the North and founded a new kingdom.
94%
15 Thráin II He avenged his father's death with the defeat of Azog's Orcs at the Battle of Azanulbizar. In the early part of his reign, he dwelt in in the new lands settled by his father, but he later moved to the northwest of Eriador and established a new realm there. He was eventually captured and died in the dungeons of the Necromancer. Consequently, his Ring of Power was lost to Sauron.
94%
14 Thrór He led his people back to a previous abandoned kingdom until a great dragon attacked. He escaped the destruction, and went wandering in the wild before settling in a new land. Later, he went to reclaim the first kingdom where he was murdered by Azog.
91%
7 Náin I He reigned for just one year before he was also slain by the Balrog.
65%
12 Náin II Dwarves began to suffer attacks by the Dragons of the North.
65%
10 Glóin
51%
Khazad-dûm
43%
11 Óin The Shadow returned to Dol Guldur in Mirkwood.
43%
Erebor
38%
Erebor, Ered Mithrin
38%
Ered Luin, Erebor
38%
Ered Mithrin, Erebor, Dunland
38%
Dunland, Ered Luin
31%
Ered Mithrin
23%
No matching quizzes found
Score Distribution
Percent of People with Each Score
Percentile by Number Answered
Your Score History
You have not taken this quiz